Normal view
MARC view
- Pansini, A.J:Smalling, K.D
Entry Personal Name
001 - CONTROL NUMBER
- control field: 67194
003 - CONTROL NUMBER IDENTIFIER
- control field: NUST
005 - DATE AND TIME OF LATEST TRANSACTION
- control field: 20210628203750.0
008 - FIXED-LENGTH DATA ELEMENTS
- fixed length control field: 210628|| aca||aabn | a|a d
040 ## - CATALOGING SOURCE
- Original cataloging agency: NUST
- Transcribing agency: NUST
100 ## - HEADING--PERSONAL NAME
- Personal name: Pansini, A.J:Smalling, K.D
670 ## - SOURCE DATA FOUND
- Source citation: Work cat.: (NUST): Pansini, A.J:Smalling, K.D, Guide to electric power generation, 2002
